Dilapidations (Record no. 102353)

MARC details
000 -LEADER
fixed length control field 01721cam a2200313 4500
008 - FIXED-LENGTH DATA ELEMENTS--GENERAL INFORMATION
fixed length control field #DATE n2003 000 0 eng u
020 ## - INTERNATIONAL STANDARD BOOK NUMBER
International Standard Book Number 184219075X
035 ## - SYSTEM CONTROL NUMBER
System control number (Sirsi) u119682
041 0# - LANGUAGE CODE
Language code of text/sound track or separate title eng
050 04 - LIBRARY OF CONGRESS CALL NUMBER
Classification number 346.410434 $2 18
110 2# - MAIN ENTRY--CORPORATE NAME
Corporate name or jurisdiction name as entry element Royal Institution of Chartered Surveyors
9 (RLIN) 4900
245 00 - TITLE STATEMENT
Title Dilapidations
Remainder of title guidance note
250 ## - EDITION STATEMENT
Edition statement 4th ed.
260 ## - PUBLICATION, DISTRIBUTION, ETC.
Place of publication, distribution, etc. London
Name of publisher, distributor, etc. RICS
Date of publication, distribution, etc. 2003
490 #0 - SERIES STATEMENT
Series statement RICS Guidance Note
520 ## - SUMMARY, ETC.
Summary, etc. The fourth edition of this RICS guidance note, which has been updated to take into account the new Civil Procedure Rules. Considers: taking instructions; the role of the surveyor; the information needed prior to undertaking an inspection; the schedule itself; the claim; and the dialogue with the tenant following submission of the claim. Includes the Property Litigation Association "Protocol for terminal dilapidations claims for damages"; an example of a schedule of dilapidations, the recommended form of and an example of Scott schedule, and the relevant statutory information.
520 ## - SUMMARY, ETC.
Summary, etc. Supersedes third edition (ISBN 0854068104). Superseded by fourth edition (ISBN 9781842194034).
650 24 - SUBJECT ADDED ENTRY--TOPICAL TERM
Topical term or geographic name entry element CIVIL PROCEDURE RULES
650 24 - SUBJECT ADDED ENTRY--TOPICAL TERM
Topical term or geographic name entry element LANDLORD AND TENANT ACT 1927 S18
650 24 - SUBJECT ADDED ENTRY--TOPICAL TERM
Topical term or geographic name entry element LANDLORD AND TENANT ACT 1954 S51
650 24 - SUBJECT ADDED ENTRY--TOPICAL TERM
Topical term or geographic name entry element LAW OF PROPERTY ACT 1925 S146
650 24 - SUBJECT ADDED ENTRY--TOPICAL TERM
Topical term or geographic name entry element LEASEHOLD PROPERTY (REPAIRS) ACT 1938
650 24 - SUBJECT ADDED ENTRY--TOPICAL TERM
Topical term or geographic name entry element SCOTT SCHEDULES
651 #4 - SUBJECT ADDED ENTRY--GEOGRAPHIC NAME
Geographic name England and Wales
Chronological subdivision 1543-
690 ## - LOCAL SUBJECT ADDED ENTRY--TOPICAL TERM (OCLC, RLIN)
Topical term or geographic name as entry element PROPERTY-LEASEHOLD PROPERTY-LANDLORD AND TENANT-DILAPIDATIONS
856 41 - ELECTRONIC LOCATION AND ACCESS
Host name uhttp://www.rics.org/site/scripts/downloads.aspx?categoryID=452zView the guidance (member-content only) free of charge at www.rics.org/guidance...
942 ## - ADDED ENTRY ELEMENTS (KOHA)
Suppress in OPAC 0
Holdings
Withdrawn status Lost status Source of classification or shelving scheme Damaged status Not for loan Home library Current library Shelving location Date acquired Total Checkouts Full call number Barcode Date last seen Copy number Price effective from Koha item type Cost, normal purchase price Date last checked out Cost, replacement price
    Dewey Decimal Classification     London London RICS Boxes 21/01/2003   RICS 2003/1 30068124 06/08/2019 2 06/08/2019 Reference material      
    Dewey Decimal Classification     London London RICS Boxes 19/09/2003 39 RICS 2003/1 30067769 06/08/2019 3 06/08/2019 Book 20.00 14/05/2008 20.00
    Dewey Decimal Classification     Virtual Virtual Online 16/08/2006   ONLINE PUBLICATION 119682-3001 06/08/2019 1 06/08/2019 Book